Baseball Player With Most WAR by Initials - Statistics

General Stats
  • This quiz has been taken 19 times
  • The average score is 205 of 547
Answer Stats
Initials Player WAR Year of Debut Primary Team % Correct
FR Frank Robinson 107.3 1956 Reds
100%
JR Jackie Robinson 63.8 1945 Dodgers
100%
LS Lonnie Smith 38.5 1978 Braves
100%
OS Ozzie Smith 76.9 1978 Cardinals
100%
QS Quincy Smith 0.1 1943 $Buckeyes
100%
TJ Tommy John 61.6 1963 White Sox
100%
ZS Zane Smith 20.2 1984 Braves
100%
AR Alex Rodriguez 117.5 1994 Yankees
91%
AJ Andruw Jones 62.7 1996 Braves
91%
BR Babe Ruth 182.6 1914 Yankees
91%
BB Barry Bonds 162.8 1986 Giants
91%
BJ Bob Johnson 55.5 1933 Athletics
91%
CR Cal Ripken Jr. 95.9 1981 Orioles
91%
CJ Chipper Jones 85.3 1993 Braves
91%
CW Cy Williams 37.4 1912 Phillies
91%
DT Dizzy Trout 49.9 1939 Tigers
91%
EM Eddie Mathews 96.0 1952 Braves
91%
EB Ernie Banks 67.7 1953 Cubs
91%
FH Felix Hernandez 49.7 2005 Mariners
91%
FG Freddy Garcia 34.2 1999 Mariners
91%
GC Gary Carter 70.1 1974 Expos
91%
GB George Brett 88.6 1973 Royals
91%
HA Hank Aaron 143.0 1954 Braves
91%
IR Ivan Rodriguez 68.7 1991 Rangers
91%
JJ Joe Jackson 62.2 1908 Guardians
91%
KH Keith Hernandez 60.3 1974 Cardinals
91%
KW Ken Williams 42.8 1915 Browns
91%
LJ Larry Jackson 52.0 1955 Cardinals
91%
LH Livan Hernandez 30.0 1996 Nationals
91%
LG Lou Gehrig 113.8 1923 Yankees
91%
MJ Mack Jones 20.7 1961 Braves
91%
MT Mike Trout 86.2 2011 Angels
91%
NJ Nick Johnson 14.5 2001 Nationals
91%
RJ Randy Johnson 101.1 1988 Mariners
91%
RC Roger Clemens 139.2 1984 Red Sox
91%
SJ Sam Jones 42.7 1914 Yankees
91%
TW Ted Williams 121.8 1939 Red Sox
91%
TB Tommy Bond 60.9 1874 Braves
91%
WJ Walter Johnson 165.1 1907 Senators
91%
XH Xavier Hernandez 2.3 1989 Astros
91%
YH Yonny Hernandez 0.8 2012 Rangers
91%
ZJ Zach Jackson 1.5 2022 Athletics
91%
AP Albert Pujols 101.5 2001 Cardinals
82%
AY Anthony Young 1.3 1991 Mets
82%
AC Asdrubal Cabrera 29.7 2007 Guardians
82%
BY Babe Young 11.2 1936 Giants
82%
BG Bob Gibson 89.1 1959 Cardinals
82%
CM Christy Mathewson 106.5 1900 Giants
82%
CS Curt Schilling 79.5 1988 Phillies
82%
CY Cy Young 163.6 1890 Spiders
82%
DM Dennis Martinez 48.7 1976 Orioles
82%
DY Dmitri Young 12.2 1996 Reds
82%
FT Frank Thomas 73.8 1990 White Sox
82%
FW Frank White 34.8 1973 Royals
82%
GY Gerald Young 6.0 1987 Astros
82%
HZ Heinie Zimmerman 33.6 1907 Cubs
82%
IT Ira Thomas 8.2 1906 Athletics
82%
IY Irv Young 8.7 1905 Braves
82%
JF Jimmie Foxx 93.0 1925 Athletics
82%
JD Joe DiMaggio 79.1 1936 Yankees
82%
JZ Jordan Zimmermann 22.1 2009 Nationals
82%
KG Ken Griffey, Jr. 83.8 1989 Mariners
82%
LR Luis Robert Jr. 13.9 2020 White Sox
82%
MR Manny Ramirez 69.3 1993 Red Sox
82%
MY Michael Young 24.7 2000 Rangers
82%
MM Mickey Mantle 110.2 1951 Yankees
82%
MC Miguel Cabrera 67.3 2003 Tigers
82%
MS Mike Schmidt 106.8 1972 Phillies
82%
NF Nellie Fox 49.5 1947 White Sox
82%
NG Nomar Garciaparra 44.3 1996 Red Sox
82%
NY Norman Young 0.1 1944 $Monarchs
82%
OW Owen Wilson 13.3 1908 Pirates
82%
PM Pedro Martinez 83.9 1992 Red Sox
82%
PY Pep Young 5.7 1933 Pirates
82%
PR Pete Rose 79.6 1963 Reds
82%
RR Robin Roberts 86.2 1948 Phillies
82%
RY Robin Yount 77.4 1974 Brewers
82%
RT Roy Thomas 40.7 1899 Phillies
82%
RZ Ryan Zimmerman 40.1 2005 Nationals
82%
SO Shohei Ohtani 43.8 2018 Angels
82%
TH Todd Helton 61.8 1997 Rockies
82%
TC Ty Cobb 151.5 1905 Tigers
82%
WB Wade Boggs 91.4 1982 Red Sox
82%
WY Walter Young 0.1 2005 Orioles
82%
WM Willie Mays 156.1 1948 Giants
82%
YB Yogi Berra 59.5 1946 Yankees
82%
AD Andre Dawson 64.8 1976 Expos
73%
AV Arky Vaughn 77.9 1932 Pirates
73%
BM Bobby Mathews 55.1 1871 N.Y. Mutuals
73%
CD Carlos Delgado 44.4 1993 Blue Jays
73%
DQ Dan Quisenberry 24.6 1979 Royals
73%
DO David Ortiz 55.3 1997 Red Sox
73%
DJ Derek Jeter 71.3 1995 Yankees
73%
DE Dwight Evans 67.2 1972 Red Sox
73%
DG Dwight Gooden 53.0 1984 Mets
73%
EO Ed Ott 5.9 1974 Pirates
73%
FE Felix Evans 2.6 1938 $Red Sox
73%
GD George Davis 84.5 1890 Giants
73%
GM Greg Maddux 106.6 1986 Braves
73%
HG Hank Greenberg 55.4 1930 Tigers
73%
HK Harmon Killebrew 60.4 1954 Twins
73%
HV Hippo Vaughn 46.8 1908 Cubs
73%
IS Ichiro Suzuki 60.0 2001 Mariners
73%
JB Jeff Bagwell 79.9 1991 Astros
73%
JS John Smoltz 69.0 1988 Braves
73%
JA Jose Altuve 52.8 2011 Astros
73%
JV Justin Verlander 80.5 2005 Tigers
73%
MO Mel Ott 110.9 1926 Giants
73%
MP Mike Piazza 59.5 1992 Mets
73%
NL Nap Lajoie 106.9 1896 Guardians
73%
RA Roberto Alomar 67.0 1988 Blue Jays
73%
RV Robin Ventura 56.1 1989 White Sox
73%
RH Rogers Hornsby 127.1 1915 Cardinals
73%
RS Ron Santo 70.5 1960 Cubs
73%
SS Sammy Sosa 58.6 1989 Cubs
73%
SR Scott Rolen 70.1 1996 Phillies
73%
SM Stan Musial 128.6 1941 Cardinals
73%
TP Tony Perez 54.0 1964 Reds
73%
TS Tris Speaker 134.9 1907 Guardians
73%
UE Ulysses Evans 0.1 1942 $American Giants
73%
VB Vida Blue 45.1 1969 Athletics
73%
VD Virgil Davis 22.4 1928 Phillies
73%
VG Vladimir Guerrero 59.5 1996 Expos
73%
WD Willie Davis 60.7 1960 Dodgers
73%
YA Yordan Alvarez 23.7 2019 Astros
73%
YV Yordano Ventura 7.7 2013 Royals
73%
ZG Zack Greinke 77.5 2004 Royals
73%
AB Adrian Beltre 93.5 1998 Rangers
64%
AT Alan Trammell 70.6 1977 Tigers
64%
BL Barry Larkin 70.5 1986 Reds
64%
BA Bobby Abreu 60.2 1996 Phillies
64%
CZ Carlos Zambrano 43.9 2001 Cubs
64%
CF Carlton Fisk 68.4 1969 White Sox
64%
CC Cesar Cedeno 52.9 1970 Astros
64%
CG Charlie Gehringer 84.8 1924 Tigers
64%
CK Clayton Kershaw 79.4 2008 Dodgers
64%
DP Dustin Pedroia 51.9 2006 Red Sox
64%
EC Eddie Collins 124.2 1906 White Sox
64%
EZ Eddie Zambrano 0.7 1993 Cubs
64%
GP Gaylord Perry 90.0 1962 Giants
64%
GK George Kell 37.7 1943 Tigers
64%
GN Graig Nettles 67.9 1967 Yankees
64%
HT Hank Thompson 30.7 1943 Giants
64%
HW Honus Wagner 131.0 1897 Pirates
64%
JT Jim Thome 73.1 1991 Guardians
64%
KY Kevin Youkilis 32.4 2004 Red Sox
64%
KP Kirby Puckett 51.2 1984 Twins
64%
LW Lou Whitaker 75.1 1977 Tigers
64%
NA Nolan Arenado 56.7 2013 Rockies
64%
NR Nolan Ryan 81.3 1966 Angels
64%
RP Rafael Palmeiro 71.9 1986 Rangers
64%
RB Ryan Braun 47.1 2007 Brewers
64%
ST Sam Thompson 44.4 1885 Phillies
64%
SC Steve Carlton 90.2 1965 Phillies
64%
TG Tom Glavine 80.7 1987 Braves
64%
UJ Ubaldo Jimenez 20.4 2006 Rockies
64%
VZ Victor Zambrano 5.1 2001 Rays
64%
WS Warren Spahn 100.0 1942 Braves
64%
WA Wilson Alvarez 24.8 1989 White Sox
64%
XC Xavier Cedeño 1.8 2011 Rays
64%
AN Aaron Nola 35.3 2015 Phillies
55%
AW Adam Wainwright 44.9 2005 Cardinals
55%
AK Al Kaline 92.8 1953 Tigers
55%
CA Cap Anson 94.3 1871 Cubs
55%
CU Chase Utley 64.5 2003 Phillies
55%
DD Don Drysdale 67.1 1956 Dodgers
55%
FA Felipe Alou 42.3 1958 Giants
55%
FJ Fergie Jenkins 84.2 1965 Cubs
55%
FF Frankie Frisch 71.8 1919 Cardinals
55%
FL Fred Lynn 50.2 1974 Red Sox
55%
GJ Geoff Jenkins 21.9 1998 Brewers
55%
GF George Foster 44.1 1969 Reds
55%
HH Harry Heilmann 72.2 1914 Tigers
55%
JK Jeff Kent 55.5 1992 Giants
55%
JE Jim Edmonds 60.4 1993 Cardinals
55%
JP Jim Palmer 68.5 1965 Orioles
55%
JM Joe Morgan 100.4 1963 Reds
55%
KL Kenny Lofton 68.4 1991 Guardians
55%
KN Kid Nichols 116.3 1890 Braves
55%
LL Lance Lynn 30.0 2011 Cardinals
55%
MA Moises Alou 39.9 1990 Expos
55%
MB Mookie Betts 69.6 2014 Red Sox
55%
OA Ozzie Albies 21.8 2017 Braves
55%
PK Paul Konerko 28.1 1997 White Sox
55%
PW Paul Waner 74.8 1926 Pirates
55%
PN Phil Niekro 95.9 1964 Braves
55%
PF Prince Fielder 23.8 2005 Brewers
55%
RK Ralph Kiner 48.0 1946 Pirates
55%
SN Simon Nicholls 3.1 1903 Athletics
55%
VP Vada Pinson 54.1 1958 Reds
55%
XB Xander Bogaerts 40.8 2013 Red Sox
55%
YM Yadier Molina 42.1 2004 Cardinals
55%
AL Al Leiter 40.0 1987 Mets
45%
AS Al Simmons 68.3 1924 Athletics
45%
BH Billy Hamilton 63.2 1888 Phillies
45%
BU B.J. Upton 16.8 2004 Rays
45%
BF Bob Feller 63.5 1936 Guardians
45%
BI Brandon Inge 19.2 2001 Tigers
45%
BQ Busta Quintana 0.1 1934 $Newark
45%
CH Carl Hubbell 68.5 1928 Giants
45%
DW Dave Winfield 64.2 1973 Yankees
45%
DC David Cone 62.3 1986 Mets
45%
DA Dick Allen 58.7 1963 Phillies
45%
DS Don Sutton 66.7 1966 Dodgers
45%
EP Eddie Plank 90.8 1901 Athletics
45%
EE Edwin Encarnación 35.5 2005 Blue Jays
45%
ES Enos Slaughter 57.6 1938 Cardinals
45%
FV Frank Viola 47.0 1982 Twins
45%
FC Fred Clarke 68.0 1894 Pirates
45%
FM Fred McGriff 52.6 1986 Braves
45%
GG Goose Goslin 66.2 1921 Senators
45%
HN Hal Newhouser 62.8 1939 Tigers
45%
HL Herman Long 36.9 1889 Braves
45%
JU Justin Upton 32.3 2007 Diamondbacks
45%
KR Kenny Rogers 50.5 1989 Rangers
45%
KA Kevin Appier 54.5 1989 Royals
45%
KB Kevin Brown 67.8 1986 Rangers
45%
LA Luke Appling 77.5 1930 White Sox
45%
NC Norm Cash 52.0 1958 Tigers
45%
OR Old Hoss Radbourn 75.4 1881 Grays
45%
OV Omar Vizquel 45.6 1989 Guardians
45%
OG Oscar Gamble 22.9 1969 Yankees
45%
PT Pie Traynor 38.7 1920 Pirates
45%
RG Ron Guidry 47.8 1975 Yankees
45%
RO Roy Oswalt 50.0 2001 Astros
45%
SK Silver King 50.4 1886 Cardinals
45%
TR Tim Raines 69.4 1980 Expos
45%
TF Tony Fernandez 45.3 1983 Blue Jays
45%
TT Troy Tulowitzki 44.5 2006 Rockies
45%
VW Vic Willis 63.2 1898 Braves
45%
WC Will Clark 56.5 1986 Giants
45%
WR Willie Randolph 65.9 1975 Yankees
45%
YC Yoenis Cespedes 21.6 2012 Athletics
45%
AM Andrew McCutchen 49.3 2009 Pirates
36%
BZ Ben Zobrist 44.5 2006 Rays
36%
BS Bret Saberhagen 58.9 1984 Royals
36%
CQ Carlos Quentin 10.5 2006 White Sox
36%
CL Chet Lemon 55.6 1975 Tigers
36%
DU Dan Uggla 18.2 2006 Marlins
36%
ED Ed Delahanty 69.6 1888 Phillies
36%
EI Ender Inciarte 17.9 2014 Braves
36%
EL Evan Longoria 58.6 2008 Rays
36%
FQ Frank Quinn 0.4 1949 Red Sox
36%
GO Gregg Olson 12.8 1988 Orioles
36%
GA Grover C. Alexander 119.3 1911 Phillies
36%
HB Home Run Baker 62.8 1908 Athletics
36%
IK Ian Kinsler 54.1 2006 Rangers
36%
IB Ike Boone 6.1 1922 Red Sox
36%
JQ Jack Quinn 58.7 1909 Yankees
36%
JO John Olerud 58.2 1989 Blue Jays
36%
JL Jon Lester 43.5 2006 Red Sox
36%
LP Lance Parrish 39.5 1977 Tigers
36%
LD Larry Doby 56.8 1942 Guardians
36%
LB Lou Boudreau 63.2 1938 Guardians
36%
LK Lou Klein 8.0 1943 Cardinals
36%
ME Mark Ellis 33.5 2002 Athletics
36%
MG Mark Grace 46.4 1988 Cubs
36%
MH Matt Holliday 44.5 2004 Cardinals
36%
MW Mickey Welch 62.3 1880 Giants
36%
ND Nelson Dean 14.3 1925 $Monarchs
36%
OH Orel Hershiser 56.0 1983 Dodgers
36%
OC Orlando Cepeda 50.1 1958 Giants
36%
ON Otis Nixon 16.6 1983 Braves
36%
PG Pud Galvin 73.4 1875 Bisons
36%
TL Ted Lyons 70.6 1923 White Sox
36%
TO Tony Oliva 43.0 1962 Twins
36%
TN Trot Nixon 21.2 1996 Red Sox
36%
VL Vern Law 32.3 1950 Pirates
36%
VC Vinny Castilla 19.4 1991 Rockies
36%
WF Wes Ferrell 60.1 1927 Guardians
36%
WW Wilbur Wood 50.0 1961 White Sox
36%
WN Willard Nixon 9.2 1950 Red Sox
36%
YP Yasiel Puig 18.6 2013 Dodgers
36%
YL Yoan López 0.2 2018 Diamondbacks
36%
AU Abner Uribe 0.6 2023 Brewers
27%
AA Andy Ashby 21.0 1991 Padres
27%
BT Bill Terry 56.5 1923 Giants
27%
CB Carlos Beltran 70.1 1998 Mets
27%
DB Dan Brouthers 78.7 1879 Bisons
27%
DV Dazzy Vance 60.3 1915 Dodgers
27%
DN Don Newcombe 38.7 1944 Dodgers
27%
EA Earl Averill 51.6 1929 Guardians
27%
EW Ed Walsh 65.9 1904 White Sox
27%
EH Elston Howard 27.0 1948 Yankees
27%
GL Greg Luzinski 26.3 1970 Phillies
27%
HD Hugh Duffy 43.1 1888 Braves
27%
IO Ivy Olson 5.7 1911 Dodgers
27%
JY Joe Yeager 15.0 1898 Tigers
27%
KJ Kenley Jansen 21.9 2010 Dodgers
27%
KO Ken Oberkfell 22.4 1977 Cardinals
27%
KC Kiki Cuyler 48.0 1921 Cubs
27%
KK King Kelly 46.0 1878 Cubs
27%
LT Luis Tiant 66.1 1964 Red Sox
27%
ML Mark Langston 50.1 1984 Angels
27%
MF Mike Flanagan 25.5 1975 Orioles
27%
NH Noodles Hahn 44.6 1899 Reds
27%
OI Omar Infante 16.9 2002 Tigers
27%
OP Orlando Peña 12.9 1958 Athletics
27%
RM Rabbit Maranville 44.1 1912 Braves
27%
RI Raúl Ibañez 20.9 1996 Mariners
27%
RF Red Faber 63.9 1914 White Sox
27%
SB Sal Bando 61.5 1966 Athletics
27%
SP Satchel Paige 47.0 1927 Browns
27%
SI Shota Imanaga 3.0 2024 Cubs
27%
SG Sid Gordon 38.3 1941 Giants
27%
SD Stephen Drew 15.9 2006 Diamondbacks
27%
SF Steve Finley 44.2 1989 Diamondbacks
27%
UU Ugueth Urbina 13.2 1995 Expos
27%
UW U L Washington 9.2 1977 Royals
27%
VO Vern Olsen 7.5 1939 Cubs
27%
VS Vern Stephens 46.3 1941 Browns
27%
VH Von Hayes 29.9 1981 Phillies
27%
WH Waite Hoyt 52.5 1918 Yankees
27%
WP Wally Pipp 31.7 1913 Yankees
27%
WK Willie Keeler 54.3 1892 Yankees
27%
WU Willie Upshaw 13.0 1978 Blue Jays
27%
XE Xavier Edwards 2.1 2023 Marlins
27%
YG Yasmani Grandal 20.3 2012 Dodgers
27%
YE Yunel Escobar 26.8 2007 Braves
27%
ZK Zack Kelly 0.9 2022 Red Sox
27%
ZW Zack Wheat 60.4 1909 Dodgers
27%
ZT Zeb Terry 7.7 1916 Cubs
27%
ZV Zoilo Versalles 12.6 1959 Twins
27%
AH Aaron Hill 24.4 2005 Blue Jays
18%
BP Billy Pierce 53.4 1945 White Sox
18%
BV Bobby Veach 48.0 1912 Tigers
18%
CI Chris Ianetta 15.0 2006 Rockies
18%
DI Dane Iorg 0.3 1977 Cardinals
18%
DH Dan Haren 35.1 2003 Athletics
18%
DK Darryl Kile 20.2 1991 Astros
18%
DL Dutch Leonard 48.9 1933 Senators
18%
EF Elmer Flick 52.7 1898 Guardians
18%
FB Floyd Bannister 26.4 1977 White Sox
18%
GH Gabby Hartnett 55.4 1922 Cubs
18%
GI Garth Iorg 3.4 1978 Blue Jays
18%
GS Gary Sheffield 60.5 1988 Marlins
18%
GT Gene Tenace 46.8 1969 Athletics
18%
HF Happy Felsch 19.4 1915 White Sox
18%
HM Heinie Manush 48.1 1923 Senators
18%
HP Herb Pennock 45.6 1912 Yankees
18%
IH Ian Happ 17.7 2017 Cubs
18%
IP Isaac Paredes 8.8 2020 Rays
18%
JH Jason Heyward 41.8 2010 Cubs
18%
JC John Clarkson 83.2 1882 Braves
18%
JW John Ward 62.3 1878 Giants
18%
JI Jose Iglesias 14.8 2011 Tigers
18%
KD Kal Daniels 16.9 1986 Reds
18%
KF Ken Forsch 26.0 1970 Astros
18%
KS Ken Singleton 41.8 1970 Orioles
18%
LO Lefty O'Doul 25.6 1919 Dodgers
18%
MQ Mel Queen 6.1 1966 Angels
18%
MV Mickey Vernon 35.4 1939 Senators
18%
MI Monte Irvin 32.1 1938 Giants
18%
OD Octavio Dotel 15.2 1999 Astros
18%
PE Paul Erickson 6.0 1941 Cubs
18%
PO Paul O'Neill 38.8 1985 Yankees
18%
PI Pete Incaviglia 10.3 1986 Rangers
18%
PV Pete Vuckovich 16.4 1975 Cardinals
18%
PP Plácido Polanco 41.9 1998 Phillies
18%
QB Quintin Berry 0.8 2012 Tigers
18%
RN Rob Nen 15.0 1993 Giants
18%
RW Rube Waddell 58.4 1897 Athletics
18%
SW Sam West 32.6 1927 Senators
18%
SA Sandy Alcantra 19.5 2017 Marlins
18%
SE Scott Erickson 24.8 1990 Orioles
18%
TK Tim Keefe 86.9 1880 Giants
18%
TA Tommie Agee 25.3 1962 Mets
18%
VV Vince Velasquez 5.9 2015 Phillies
18%
VT Virgil Trucks 40.5 1941 Tigers
18%
WV Will Venable 13.0 2008 Padres
18%
YO Yip Owens 1.2 1905 Terrapins (FL)
18%
ZB Zeke Bonura 21.2 1934 White Sox
18%
AZ Al Zarilla 7.1 1943 Browns
9%
AE Andre Ethier 21.5 2006 Dodgers
9%
AF Art Fletcher 47.1 1909 Giants
9%
BO Ben Oglivie 26.4 1971 Brewers
9%
BW Bobby Wallace 76.4 1894 Browns
9%
BE Bob Elliott 50.9 1939 Pirates
9%
BK Brickyard Kennedy 35.0 1892 Dodgers
9%
CO Claude Osteen 41.2 1957 Dodgers
9%
DZ Dutch Zwilling 8.5 1910 White Sox
9%
EG Eddie Guardado 13.2 1993 Twins
9%
EY Eddie Yost 35.1 1944 Senators
9%
EV Elmer Valo 28.5 1940 Athletics
9%
ER Eppa Rixey 55.9 1912 Reds
9%
EQ Esteban Quiroz 0.4 2022 Cubs
9%
FZ Frankie Zak 0.5 1944 Pirates
9%
FS Frank Schulte 23.7 1904 Cubs
9%
GR Gene Richards 18.7 1977 Padres
9%
GU George Uhle 55.6 1919 Guardians
9%
GV George Van Haltren 41.3 1887 Giants
9%
HR Hardy Richardson 41.0 1879 Bisons
9%
HC Harlond Clift 42.0 1934 Browns
9%
HS Harry Stovey 45.0 1880 Phi. Athletics (AA)
9%
HJ Hughie Jennings 42.3 1891 Orioles NL
9%
ID Ian Desmond 16.2 2009 Nationals
9%
IC Ice Box Chamberlain 30.7 1886 Reds
9%
IM Irish Meusel 22.0 1914 Giants
9%
IV Ismael Valdez 24.1 1994 Dodgers
9%
IG Ival Goodman 24.8 1935 Reds
9%
IA Ivy Andrews 18.2 1931 Browns
9%
JG Jack Glasscock 61.6 1879 Clv. Blues
9%
JN Joe Nuxhall 30.3 1944 Reds
9%
KM Ken McMullen 34.0 1962 Senators II
9%
KQ Kevin Quackenbush 0.5 2014 Padres
9%
KI Kyle Isbel 4.7 2021 Royals
9%
LX Leovigildo Xiqués 0.5 1944 $Clowns
9%
LU Luis Urías 7.4 2018 Brewers
9%
NE Nathan Eovaldi 21.0 2011 Red Sox
9%
NB Nelson Briles 20.8 1965 Cardinals
9%
NP Nels Potter 25.0 1936 Browns
9%
NW Nip Winters 29.0 1923 $Hilldale
9%
OF Oran Frazier 0.2 1932 $Gray Sox
9%
OO Orval Overall 22.4 1905 Cubs
9%
OJ Oscar Judd 8.0 1941 Phillies
9%
OB Ossie Bluege 28.7 1922 Senators
9%
PU Pat Underwood 1.1 1979 Tigers
9%
PZ Pat Zachary 10.7 1976 Mets
9%
PQ Paul Quantrill 17.8 1992 Blue Jays
9%
PC Phil Cavarretta 36.8 1934 Cubs
9%
RU Ramón Urías 9.1 2020 Orioles
9%
RD Ray Durham 33.8 1995 White Sox
9%
RL Red Lucas 44.7 1923 Reds
9%
SV Shane Victorino 31.5 2003 Phillies
9%
SH Stan Hack 55.5 1932 Cubs
9%
TI Tadahito Iguchi 6.4 2005 White Sox
9%
TE Tommy Edman 17.9 2019 Cardinals
9%
TU Tom Underwood 9.9 1974 Athletics
9%
TY Tom York 19.6 1871 Grays
9%
TZ Tom Zachary 40.0 1918 Senators
9%
US Urban Shocker 58.8 1916 Browns
9%
VM Van Mungo 32.9 1931 Dodgers
9%
VK Vern Kennedy 12.2 1934 White Sox
9%
WT Walt Terrell 10.7 1982 Tigers
9%
WG Wayne Garrett 16.8 1969 Mets
9%
YT Yorvit Torrealba 5.4 2001 Rockies
9%
YY Yoshinobu Yamamoto 1.7 2024 Dodgers
9%
YD Yu Darvish 33.1 2012 Rangers
9%
ZD Zach Duke 12.2 2005 Pirates
9%
ZE Zach Eflin 12.8 2016 Phillies
9%
ZN Zach Neto 6.8 2023 Angels
9%
ZC Zack Cozart 14.6 2011 Reds
9%
AO Al Orth 51.3 1895 Phillies
0%
AI Arthur Irwin 15.2 1880 Phillies
0%
AG Augie Galan 45.4 1934 Cubs
0%
BD Bill Dahlen 75.3 1891 Cubs
0%
BC Bob Caruthers 59.5 1884 Cardinals
0%
BN Bobo Newsom 47.8 1929 Senators
0%
CE Carl Everett 20.4 1993 Mets
0%
CT Cecil Travis 30.4 1933 Senators
0%
CN Charles Nagy 24.8 1990 Guardians
0%
CV Christian Vazquez 6.6 2014 Red Sox
0%
CP Claude Passeau 45.2 1935 Cubs
0%
DF Dave Foutz 35.4 1884 Dodgers
0%
DR Dutch Ruether 29.1 1917 Browns
0%
ET Earl Torgeson 33.1 1947 Braves
0%
EJ Eddie Joost 31.6 1936 Athletics
0%
EK Ed Konetchy 46.5 1907 Cardinals
0%
EN Ed Nuñez 4.2 1982 Mariners
0%
EU Edwin Uceta 1.3 2021 Rays
0%
FY Floyd Youmans 6.8 1985 Expos
0%
FD Frank Dwyer 41.1 1888 Reds
0%
FI Frank Isbell 14.5 1898 White Sox
0%
FK Frank Killen 34.4 1891 Pirates
0%
FU Frank Ulrich 8.1 1925 Phillies
0%
FP Freddy Parent 35.9 1899 Red Sox
0%
FN Fred Norman 16.3 1962 Reds
0%
FO Fritz Ostermueller 35.9 1934 Red Sox
0%
GZ Geoff Zahn 20.3 1973 Twins
0%
GE George Earnshaw 21.9 1928 Athletics
0%
GW Gus Weyhing 37.8 1887 Athletics
0%
HO Hideki Okajima 6.8 2007 Red Sox
0%
HI Hisashi Iwakuma 16.8 2012 Mariners
0%
HE Howard Ehmke 39.0 1915 Tigers
0%
HY Huascar Ynoa 1.1 2019 Braves
0%
HQ Humberto Quintero 1.8 2003 Astros
0%
IF Ira Flagstead 18.6 1917 Red Sox
0%
IN Irv Noren 15.1 1950 Yankees
0%
IW Ivey Wingo 17.9 1911 Reds
0%
KV Kennys Vargas 1.7 2014 Twins
0%
KT Kevin Tapani 29.2 1989 Twins
0%
KE Kid Elberfeld 33.3 1898 Yankees
0%
KU Koji Uehara 13.5 2009 Red Sox
0%
LF Larry French 45.4 1929 Cubs
0%
LC Lave Cross 46.5 1887 Phillies
0%
LY Laymon Yokely 9.6 1926 $Black Sox
0%
LM Lee Meadows 28.3 1915 Cardinals
0%
LV Lee Viau 8.9 1888 Reds
0%
LN Les Nunamaker 11.8 1911 Yankees
0%
LQ Luis Quinones 0.3 1983 Reds
0%
LE Luke Easter 12.4 1947 Guardians
0%
MK Matt Kilroy 26.2 1886 Orioles NL
0%
MN Mike Napoli 26.3 2006 Angels
0%
MU Mike Ulicny 0.2 1945 Braves
0%
MZ Mike Zunino 9.2 2013 Mariners
0%
MD Murry Dickson 46.3 1939 Cardinals
0%
NU Naoyuki Uwasawa 0.1 2024 Red Sox
0%
NN Nasim Nuñez 0.7 2024 Nationals
0%
NK Nate Karns 3.1 2013 Rays
0%
NO Nefi Ogando 0.1 2015 Marlins
0%
NM Nick Markakis 33.6 2006 Orioles
0%
NS Nick Swisher 21.5 2004 Yankees
0%
NT Nick Tropeano 1.8 2014 Angels
0%
NV Nick Vincent 5.9 2012 Mariners
0%
NZ Norm Zauchin 1.3 1951 Red Sox
0%
OM Orlando Merced 16.2 1990 Pirates
0%
OL Oscar Levis 10.9 1923 $Cuban Stars East
0%
OT Oscar Tuero 0.5 1918 Cardinals
0%
OZ Oscar Zamora 1.4 1974 Cubs
0%
OK Otto Knabe 9.6 1905 Phillies
0%
PJ Pat Jarvis 12.2 1966 Braves
0%
PD Paul Derringer 36.0 1931 Reds
0%
PH Paul Hines 44.9 1872 Grays
0%
PL Paul Lo Duca 17.9 1998 Dodgers
0%
PS Paul Splittorff 23.0 1970 Royals
0%
PA Pedro Astacio 25.6 1992 Dodgers
0%
PB Pete Browning 40.4 1882 Colonels
0%
QV Quilvio Veras 12.9 1995 Padres
0%
QT Quincy Trouppe 1.8 1930 $Buckeyes
0%
QM Quinton McCracken 0.3 1995 Diamondbacks
0%
RE Red Ehret 20.8 1888 Colonels
0%
RQ Robb Quinlan 1.3 2003 Angels
0%
SL Sam Leever 40.5 1898 Pirates
0%
SZ Sam Zoldak 10.5 1944 Browns
0%
TV Tetelo Vargas 4.1 1927 $Cubans
0%
TD Tom Daly 26.7 1884 Dodgers
0%
TM Tony Mullane 66.6 1881 Reds
0%
UP Urbane Pickering 1.3 1931 Red Sox
0%
VA Vic Aldridge 17.3 1917 Cubs
0%
VR Vic Raschi 16.5 1946 Yankees
0%
VN Vidal Nuño III 3.8 2013 Mariners
0%
VJ Virgil Jester 0.9 1952 Braves
0%
WL Whitey Lockman 19.4 1945 Giants
0%
WO Will Ohman 3.2 2000 Cubs
0%
WE Woody English 27.1 1927 Cubs
0%
XN Xavier Nady 3.7 2000 Padres
0%
XR Xavier Rescigno 0.5 1943 Pirates
0%
YS Yangervis Solarte 6.9 1987 Padres
0%
YF Yohan Flande 0.6 2014 Rockies
0%
YZ Yosver Zulueta 0.1 2024 Reds
0%
YK Yusei Kikuchi 4.1 2019 Blue Jays
0%
ZM Zach Miner 3.7 2006 Tigers
0%
ZP Zach Plesac 3.3 2019 Guardians
0%
ZR Zach Remillard 0.3 2023 White Sox
0%
ZL Zack Littell 5.0 2018 Giants
0%
ZH Zaza Harvey 1.9 1900 Guardians
0%
ZZ Zip Zabel 1.9 1913 Cubs
0%
No matching quizzes found
Score Distribution
Percent of People with Each Score
Percentile by Number Answered
Your Score History
You have not taken this quiz